| 000 | 02024nam a2200289 a 4500 | ||
|---|---|---|---|
| 001 | BRCA_8502 | ||
| 003 | FranzMayer | ||
| 005 | 20230724105326.0 | ||
| 008 | 200616s1761----sp-#######---#000-0#spa-# | ||
| 040 |
_aMFM _bESP _cMFM |
||
| 041 | _aspa | ||
| 084 |
_aBE11 _b.V35 1761 |
||
| 100 | 1 |
_aValentín de la Madre de Dios _cPadre Fray _921310 |
|
| 245 | 1 | 0 |
_aFuero de la conciencia _csu autor el Padre Fr. Valentín de la Madre de Dios, nuevamente añadido por el Padre Fr. Juan Antonio de San Agustín, y ahora nuevamente aumentado con muchas otras adicciones por el Padre Fr. Julián del Santísimo Sacramento. |
| 260 |
_aMadrid _c1761-62 |
||
| 300 |
_a[6], 531 p. (t.2) _c21.5 x 15.5 cm. |
||
| 500 | _aEstado físico : lomo desprendido, hojas manchadas y cintas rotas | ||
| 500 | _aCon marca de fuego : ´Procedencia de la marca: Convento de San Francisco Santa María del Pueblito de Querétaro. Institución: Orden de Frailes Menores. Provincia de San Pedro y San Pablo de Michoacán. Descripción: Monograma conformado por las iniciales ´P´, ´u´, ´E´ seguidas de ´b´, ´I´, ´T´ y ´o´ que se desata como Pueblito (2) dentro de un filete en forma de rombo. Observaciones: Krausse la incluye entre las marcas no identificadas. David Saavedra la identifica como del Convento Franciscano de Santa María del Pueblito, Villa Corregidora de Querétaro. Con el testimonio de pertenencia ubicado en este ejemplar se corrobora la atribución realizada por David Saavedra. Ubicación de la marca en el libro: Canto superior e inferior´ | ||
| 650 | 1 | 4 |
_aIglesia católica _xAutores católicos _921311 |
| 650 | 1 | 4 |
_aConciencia _921312 |
| 650 | 1 | 4 |
_aCasuística _921313 |
| 700 | 1 |
_aJuan Antonio de San Agustín _cPadre Fray _921314 |
|
| 700 | 1 |
_aJulián del Santísimo Sacramento _cPadre Fray _921315 |
|
| 856 | _ahttp://www.marcasdefuego.buap.mx:8180/xmLibris/projects/firebrand/item.jsp?repository=marcas_de_fuego&key=marcas_de_fuego_franciscanas_20150618135223_2ccc.xml&num=0 | ||
| 902 | _aCFM | ||
| 942 |
_2lcc _cB |
||
| 999 |
_c8168 _d8168 |
||